ბათუმის შოთა რუსთაველის სახელმწიფო უნივერსიტეტის ბიბლიოთეკა

მუსიკალური ლექსი = Musical verse : (ბიბ.ჩანაწერი № 58287)

000 -ლიდერი
ფიქსირებული სიგრძის საკონტროლო ველი 01704nam a22002297a 4500
003 - საკონტროლო ნომრის იდენტიფიკატორი
საკონტროლო ველი Ge_BSU
005 - ბოლო ოპერაციის თარიღი და დრო
საკონტროლო ველი 20211022123234.0
008 - ფიქსირებული სიგრძის მონაცემთა ელემენტები - ზოგადი ინფორმაცია
ფიქსირებული სიგრძის საკონტროლო ველი 211022s ge ||||| |||| 00| 0 geo d
020 ## - წიგნის საერთაშორისო სტანდარტული ნომერი
International Standard Book Number 9789941828096
041 ## - ენის კოდი
Language code of text/sound track or separate title geo
080 ## - უნივერსალური ათობითი კლასიფიკაციის ინდექსი
Universal Decimal Classification number 78.08 მ-92
100 ## - მთავარი ჩანაწერი - პიროვნების სახელი
Personal name გაბაშვილი, ნინო
9 (RLIN) 12721
245 ## - ცნობა სათაურის შესახებ
Title მუსიკალური ლექსი = Musical verse :
Remainder of title სავარჯიშოები ბავშვებისთვის /
Statement of responsibility, etc ტექსტის ავტორი ნინო გაბაშვილი ; შემდგენლები: ნინო გაბაშვილი, თამარ ჟორდანია ; კომპოზიტორი თამარ ჟორდანია ; მთარგმნელი: ნინო კალანდია, ნატა მეცხოვრიშვილი ; პროექტის შემდგენელი მაია გოგოლაძე ; ფოტოგრაფი გელა ბედიანაშვილი ; დიზაინერი სანდრო ჩხაიძე.
264 ## - წარმოების, გამოცემის, დისტრიბუციის და სხვა ცნობები
გამოცემის, წარმოების, დისტრიბუციის... ადგილი თბილისი :
გამოცემის, წარმოების, დისტრიბუციის... სახელწოდება საქველმოქმედო ფონდი "აი ია",
გამოცემის, წარმოების, დისტრიბუციის... თარიღი 2020.
300 ## - ფიზიკური აღწერა
Extent 68 გვ. :
Other physical details ნოტ. ;
Dimensions 29 სმ.
500 ## - ზოგადი შენიშვნა
General note CD არ აქვს
653 ## - INDEX TERM--UNCONTROLLED
Uncontrolled term მუსიკალური ლექსი
653 ## - INDEX TERM--UNCONTROLLED
Uncontrolled term სავარჯიშოები ბავშვებისთვის
700 ## - ADDED ENTRY--PERSONAL NAME
Personal name ჟორდანია, თამარ
Relator term შემდგენელი
9 (RLIN) 12722
700 ## - ADDED ENTRY--PERSONAL NAME
Personal name კალანდია, ნინო
Relator term მთარგმნელი
9 (RLIN) 12723
942 ## - ADDED ENTRY ELEMENTS (KOHA)
Source of classification or shelving scheme
Koha item type წიგნი
ეგზემპლარები
ჩამოწერის სტატუსი დაკარგული ეგზემპლარის სტატუსი კლასიფიკაციის წყარო ან თაროზე გაწყობის სქემა მითითებული მასალები (აკინძული ტომები ან სხვა ნაწილი) დაზიანების სტატუსი არ გაიცემა მუდმივი მდებარეობა (დაცვის ადგილი) ამჟამინდელი ადგილსამყოფელი თაროზე განთავსების ადგილი შეძენის თარიღი ღირებულება, შესყიდვის ნორმალური ფასი სრული შენახვის შიფრი შტრიხკოდი ბოლო ოპერაციის თარიღი ეგზემპლარის მიმდევრობითი ნომერი (კეტერი?) ფასის ძალაში შესვლის თარიღი ეგზემპლარის სახეობა საჯარო შენიშვნა
      CD არ აქვს     ბათუმის შოთა რუსთაველის სახელმწიფო უნივერსიტეტის მთავარი ბიბლიოთეკა ბათუმის შოთა რუსთაველის სახელმწიფო უნივერსიტეტის მთავარი ბიბლიოთეკა წიგნსაცავი 2021-10-22 7.00 78.08 მ-92 29266 2021-10-22 29266 2021-10-22 წიგნი 7 ლ.